000 00970nam a22003017a 4500
003 CHAP
005 20220329134648.0
008 971013s1962 r 00010 d
010 _a23837
011 _a24809
035 _a28909
040 _cCHAP
082 _a633.73
_bH33 1962
100 0 0 _aHaarer, A. E.
_eed.
_952078
245 _aModern coffee production
260 _aLondon :
_bHill,
_c1962
300 _a495 p.
_b: ilus.
590 _aBATCH-UPD
_b10
_c20130110
_lUCH01
_h1059
590 _aBATCH-UPD
_b10
_c20130410
_lUCH01
_h0653
590 _aBATCH-UPD
_b10
_c20130914
_lUCH01
_h0806
590 _aCONVERSION
_b10
_c20130109
_lUCH01
_h1314
650 1 4 _aCafé.
_917085
901 _aBK
942 _cLIBRO
949 _a633.73 H33 1962
_bBC
_cLIBRO
_d33724000198792
_eLIBRO
_fc.3
_h22797
_i28909
_si
949 _a633.73 H33 1962
_bBC
_cLIBRO
_d33724000198800
_eLIBRO
_fc.2
_h22796
_i28909
_si
949 _a633.73 H33 1962
_bBC
_cLIBRO
_d33724000198818
_eLIBRO
_h22795
_i28909
_si
999 _c23837
_d23837